Analysis of pesticides in ground and surface water II : latest developments and state-of-the-art of multiple residue methods /
Saved in:
| Other Authors: | |
|---|---|
| Format: | Book |
| Language: | English |
| Published: |
Berlin ; New York
Springer
1995.
|
| Series: | Chemistry of plant protection ;
12 |
| Subjects: | |
| Online Access: | View in OPAC |
| Tags: |
No Tags, Be the first to tag this record!
|
MARC
| LEADER | 00000nam a2200000 a 4500 | ||
|---|---|---|---|
| 005 | 20260127134142.0 | ||
| 008 | 090505s1995 gw a b 000 0 eng | ||
| 010 | |a 95-181147 | ||
| 020 | |a 3540590536 (Berlin) | ||
| 020 | |a 0387590536 (New York) | ||
| 035 | |a vtls009505269 | ||
| 039 | 9 | |y 200905051206 |z mschk03 | |
| 040 | |a DLC |c DLC |d STUSCHK1 | ||
| 050 | 0 | 0 | |a TD427.P35 |b A47 1995 |
| 082 | 0 | 0 | |a 628.1/61 |2 20 |
| 245 | 0 | 0 | |a Analysis of pesticides in ground and surface water II : |b latest developments and state-of-the-art of multiple residue methods / |c volume editor: H.-J. Stan ; with contributions by A. Brandt ... [et al.]. |
| 260 | |a Berlin ; |a New York |b Springer |c 1995. | ||
| 300 | |a viii, 219 p. |b ill. |c 25 cm. | ||
| 440 | 0 | |a Chemistry of plant protection ; |v 12 | |
| 504 | |a Includes bibliographical references and index. | ||
| 650 | 0 | |a Pesticides |x Analysis. | |
| 650 | 0 | |a High performance liquid chromatography. | |
| 650 | 0 | |a Water |x Analysis. | |
| 700 | 1 | |a Stan, H. J. |q (Hans-Jurgen) | |
| 906 | |a 7 |b cbc |c orignew |d 2 |e ncip |f 19 |g y-gencatlg | ||
| 910 | |a SCHK95 | ||
| 919 | |a 3-540-59053-6 (Berlin) | ||
| 919 | |a 0-387-59053-6 (New York) | ||
| 922 | |a ad | ||
| 991 | |b c-GenColl |h TD427.P35 |i A47 1995 |p 00011474834 |t Copy 1 |w BOOKS | ||
| 999 | |c 5266 |d 5266 | ||